| 000 | 00500nam a2200181Ia 4500 | ||
|---|---|---|---|
| 999 |
_c16530 _d16530 |
||
| 003 | OSt | ||
| 005 | 20200606115935.0 | ||
| 008 | 190216s9999||||xx |||||||||||||| ||und|| | ||
| 020 | _a8186920315 | ||
| 040 | _cMESKC library | ||
| 082 |
_a891.433 _bDEV/I |
||
| 100 |
_aDev, Usha _9232 |
||
| 245 | 0 |
_aIstri Ka Sangharsh / _cUsha Dev |
|
| 260 |
_bShanthi Pusthak Mandir, _c2007. _aDelhi: |
||
| 300 | _a96p | ||
| 650 | _aHindi | ||
| 942 |
_cBK _2ddc _h891.433 _iDEV/I _k891.433 _mDEV/I |
||